000 00675nam a2200229Ia 4500
008 191130s2007##################000#0#eng##
020 _a9780415956116
022 _a2006033279
040 _aACL
_cACL
082 _a121 BEC
100 _aBecker, Kelly
245 _aEpistemology modalized
_cKelly Becker
260 _aLondon ; New York
_bRoutledge
_cC2007
300 _ax, 174 p. ; 20 cm
500 _aIncludes bibliographical references and index
650 _aExternalism (Philosophy of mind)
650 _aKnowledge, Theory of
650 _aModality (Theory of knowledge)
990 _af1a91ee4ac10000c359c9471196e7565
991 _a128690
999 _c175816
_d175816